Matematika : Zbierka úloh z matematiky pre poslucháčov GaK s použitím elektronických kalkulátorov

Enregistré dans:
Détails bibliographiques
Auteur principal: Košuk, Karol (Auteur)
Format: Livre
Langue:slovaque
Publié: Bratislava : SVŠT v Bratislave, 1985
Tags: Ajouter un tag
Pas de tags, Soyez le premier à ajouter un tag!

MARC

LEADER 00000nam a22000003a 4500
001 stu89454
005 20150617225627.8
008 040803s1985----cs------------------slo-d
040 |a STU  |b slo 
041 0 |a slo 
044 |a cs 
080 |a 51(076) 
100 1 |a Košuk, Karol  |4 aut 
245 1 |a Matematika :  |b Zbierka úloh z matematiky pre poslucháčov GaK s použitím elektronických kalkulátorov 
260 |a Bratislava :  |b SVŠT v Bratislave,  |c 1985 
300 |a 150 s 
996 |b 284V021803  |c V*21686/S-85  |l VVS  |s A  |a 24  |w stu89454_0001 
996 |b 284V023513  |c V*29840/O-11928a  |l VVT  |s A  |a 24  |w stu89454_0002